States by President - Statistics

General Stats
  • This quiz has been taken 30 times
  • The average score is 37 of 50
Answer Stats
State Answer % Correct
Alaska No
95%
Arizona No
95%
Colorado No
95%
Alabama No
90%
Delaware No
90%
Mississippi No
90%
Montana No
90%
Nevada No
90%
Hawaii Barack Obama
85%
Arkansas Bill Clinton
85%
Massachusetts John Adams|John Quincy Adams|John F. Kennedy|George H.W. Bush
85%
New York Martin Van Buren|Millard Fillmore|Theodore Roosevelt|Franklin D. Roosevelt|Donald Trump
85%
Florida No
85%
Idaho No
85%
Michigan No
85%
Minnesota No
85%
New Mexico No
85%
North Dakota No
85%
Oklahoma No
85%
Oregon No
85%
South Dakota No
85%
Washington No
85%
West Virginia No
85%
Wisconsin No
85%
Wyoming No
85%
Kentucky Abraham Lincoln
80%
Virginia George Washington|Thomas Jefferson|James Madison|James Monroe|William Henry Harrison|John Tyler|Zachary Taylor|Woodrow WIlson
80%
Indiana No
80%
Kansas No
80%
Louisiana No
80%
Maryland No
80%
Utah No
80%
Maine No
75%
Rhode Island No
75%
Tennessee No
75%
Georgia Jimmy Carter
70%
California Richard Nixon
70%
Texas Dwight D. Eisenhower|Lyndon B. Johnson
65%
Connecticut George W. Bush
65%
Ohio Ulysses S. Grant|Rutherford B. Hayes|James Garfield|Benjamin Harrison|William McKinley|William Howard Taft|Warren Harding
65%
North Carolina Andrew Jackson|James Polk|Andrew Johnson
60%
Illinois Ronald Reagan
55%
Missouri Harry Truman
50%
New Hampshire Franklin Pierce
35%
Nebraska Gerald Ford
35%
Iowa Herbert Hoover
35%
Vemont Chester A. Arthur|Calvin Coolidge
30%
New Jersey Grover Cleveland
30%
Pennsylvania James Buchanan
30%
South Carolina Andrew Jackson
15%
No matching quizzes found
Score Distribution
Percent of People with Each Score
Percentile by Number Answered
Your Score History
You have not taken this quiz